| 000 | 01353nam0a2200349 4500 | ||
|---|---|---|---|
| 001 | RU\NLR\ONL1\9202 | ||
| 005 | 20250613120152.0 | ||
| 035 | _a(NLR Aleph) 009637950 | ||
| 090 |
_a9533555 _c9533555 |
||
| 100 | _a20060729d1931 |||y0rusy50 ca | ||
| 101 | 0 | _audm | |
| 102 | _aRU | ||
| 105 | _aa ||||||||| | ||
| 135 | _acrcn mmmanaba | ||
| 200 | 1 | _aВалэс ю кизьыны си|зьыл гырон | |
| 210 |
_aМ. _cЦентриздат _d1931 |
||
| 215 |
_a27 с. _cил. _d20 |
||
| 325 | 1 | _aКопия доступна в электронной библиотеке РНБ | |
| 541 | 1 |
_aПожнивное лущение и зяблевая вспашка _zrus |
|
| 606 | 0 |
_aЗяблевая вспашка _91089453 _3RU\NLR\auth\66427089 |
|
| 606 | 0 |
_aПочвы _xОбработка _91094137 _3RU\NLR\auth\66110526 |
|
| 686 | 1 | _aП143 | |
| 700 | 1 |
_aДанилов _bС. И. _4070 |
|
| 801 | 0 |
_aRU _bNLR _c20060729 _gPSBO |
|
| 852 |
_aNLR _bОНЛ _jУдмур./2-158 |
||
| 901 | _eКнижные издания: ОНЛ | ||
| 942 | _cBOOK | ||
| 980 | _aNB | ||
| 981 | 2 | 3 |
_a(23) Национальные литературы _b(23) Книги на национальных языках |